000 00508nam a22002177a 4500
003 UA-OsUOA
001 37988
007 ta
008 20060421b un ||||| |||| 00| 0 ukr d
100 _aПисанка Валентина
090 _a32
_bП11
942 _cSA
040 _aUA-OsUOA
_bukr
_cUA-OsUOA
_dUA-OsUOA
245 _aНе кухарі ми і не теслі...
300 _a5 с.
955 _a0
041 _aukr
080 _a32
773 0 _w37986
650 7 _a32 Політика
_2UDC
999 _c324152
_d324152